[Event "Eastern Asia-ch zt 3.3"]
[Site "Ulaanbaatar"]
[Date "2019.04.12"]
[Round "6"]
[White "Gerelt Od, Boldbaatar"]
[Black "Chuluun, Gonchigdorj"]
[Result "1/2-1/2"]
[WhiteElo "1484"]
[BlackElo "1982"]
[PlyCount "73"]
[EventDate "2019.04.07"]
[EventType "swiss"]
[EventRounds "9"]
[EventCountry "MGL"]
[SourceTitle "CBM 189 Extra"]
[Source "ChessBase"]
[SourceDate "2019.06.03"]
[SourceVersion "1"]
[SourceVersionDate "2019.06.03"]
[SourceQuality "1"]

1. e4 Nf6 2. e5 Nd5 3. d4 Nb6 4. c4 d5 5. c5 N6d7 6. Nc3 b6 7. b4 a5 8. Qa4 Bb7 9. Nf3 axb4 10. Qxb4 e6 11. Bd3 Be7 12. 0-0 0-0 13. Qb1 h6 14. a4 Ba6 15. Bxa6 Rxa6 16. cxb6 Nxb6 17. Ba3 Nc4 18. Bxe7 Qxe7 19. Qd3 c5 20. Rfb1 cxd4 21. Qxd4 Nc6 22. Qd3 Rfa8 23. Re1 Qc5 24. Rac1 Ra5 25. Qc2 Qa3 26. h3 Qb2 27. Qxb2 Nxb2 28. Nxd5 Nd3 29. Nb6 Nxe1 30. Nxe1 Nd4 31. Rc4 Rb8 32. Nd7 Rb1 33. Rc8+ Kh7 34. Nf8+ Kg8 35. Nd7+ Kh7 36. Nf8+ Kg8 37. Nd7+ 1/2-1/2